Wordt geladen...

Samskrutathinte nizhalum velichchavum/

Bibliografische gegevens
Hoofdauteur: Unithiri, N. V. P.
Formaat: Printed Book
Taal:Malayalam
Gepubliceerd in: Kottayam: D. C. Books, 1998
LEADER 00593nam a22001817a 4500
003 OSt
005 20200624134617.0
008 160308b xxu||||| |||| 00| 0 mal d
041 |a mal 
082 |a 891.209 UNI/S 
100 |a Unithiri, N. V. P. 
245 |a Samskrutathinte nizhalum velichchavum/  |c N. V. P. Unithiri 
260 |a Kottayam:  |b D. C. Books,  |c 1998 
300 |a 153p. 
546 |a In Malayalam 
942 |2 ddc  |c BK 
999 |c 327480  |d 327480 
952 |0 0  |1 0  |2 ddc  |4 0  |6 891_209000000000000_UNI_S  |7 0  |9 374033  |a CSC  |b CSC  |c ST1  |d 2016-03-08  |i 9603  |l 0  |o 891.209 UNI/S  |p CSC9603  |r 2016-03-08  |w 2016-03-08  |y BK